[Event "Paracin op-A 17th"]
[Site "Paracin"]
[Date "2024.07.06"]
[Round "4"]
[White "Enkhbolor, Nyamdavaa"]
[Black "Vajdic, Nikola"]
[Result "1-0"]
[WhiteElo "1908"]
[BlackElo "2204"]
[PlyCount "61"]
[EventDate "2024.07.03"]
[EventType "swiss"]
[EventRounds "9"]
[EventCountry "SRB"]
[SourceTitle "CB29_2024"]
[SourceDate "2024.05.01"]
[SourceVersion "1"]
[SourceVersionDate "2024.05.01"]
[SourceQuality "1"]

1. e4 c5 2. Nf3 e6 3. d4 cxd4 4. Nxd4 Nc6 5. Nc3 Nf6 6. Nxc6 bxc6 7. e5 Nd5 8. Ne4 Qc7 9. f4 Qb6 10. c4 Ne3 11. Qd3 Nxf1 12. Rxf1 c5 13. Rf2 Bb7 14. Be3 Rc8 15. 0-0-0 Rc7 16. Nc3 a6 17. g4 h5 18. f5 Be7 19. f6 gxf6 20. exf6 Bf8 21. g5 Rg8 22. Bf4 d6 23. Rfd2 Rg6 24. Bxd6 Bxd6 25. Qxd6 Qxd6 26. Rxd6 Rc8 27. h4 Bc6 28. R1d2 Rg8 29. Ne2 Rh8 30. Nf4 Rh7 31. Nd3 1-0

[Event "Paracin op-A 17th"]
[Site "Paracin"]
[Date "2024.07.05"]
[Round "3"]
[White "Vanden Bussche, Steven"]
[Black "Enkhbolor, Nyamdavaa"]
[Result "0-1"]
[WhiteElo "2105"]
[BlackElo "1908"]
[PlyCount "134"]
[EventDate "2024.07.03"]
[EventType "swiss"]
[EventRounds "9"]
[EventCountry "SRB"]
[SourceTitle "CB29_2024"]
[SourceDate "2024.05.01"]
[SourceVersion "1"]
[SourceVersionDate "2024.05.01"]
[SourceQuality "1"]

1. d4 Nf6 2. Bf4 e6 3. e3 d5 4. c3 c5 5. Nd2 Nc6 6. Ngf3 cxd4 7. exd4 Nh5 8. Bg5 f6 9. Be3 Bd6 10. g3 0-0 11. Bd3 Qe8 12. Qc2 f5 13. Nh4 Bd7 14. f4 Rc8 15. Qd1 Kh8 16. Ng2 Na5 17. 0-0 b5 18. Qe2 Nc4 19. Nb3 Nf6 20. Nc5 Nxe3 21. Nxd7 Nxf1 22. Nxf8 Bxf8 23. Bxb5 Nxg3 24. hxg3 Qf7 25. Bd3 Bd6 26. Re1 Ne4 27. Bxe4 fxe4 28. Qg4 Rb8 29. Re2 Qf6 30. Ne3 g6 31. Rh2 a5 32. Qe2 Rf8 33. Qa6 Bb8 34. Ng4 Qf5 35. Ne3 Qf7 36. Qe2 a4 37. Qg4 Bd6 38. Qh3 Rb8 39. Ng4 Rb7 40. Qh4 Be7 41. Qh6 Bf6 42. Qh3 Rc7 43. Rc2 h5 44. Ne5 Bxe5 45. fxe5 Re7 46. Rf2 Qg8 47. Rf6 Rb7 48. Qf1 Kg7 49. Qa6 Rxb2 50. Rxe6 Kh6 51. Rf6 Qg7 52. Qf1 Rb7 53. e6 e3 54. Qf5 Kh7 55. Kf1 Rb2 56. Rf7 Rf2+ 57. Qxf2 exf2 58. Kxf2 Qxf7+ 59. exf7 Kg7 60. f8Q+ Kxf8 61. Ke3 Ke7 62. Kd3 g5 63. Ke3 Ke6 64. Kf2 Kf5 65. Kf3 a3 66. Ke3 h4 67. gxh4 gxh4 0-1

[Event "Paracin op-A 17th"]
[Site "Paracin"]
[Date "2024.07.04"]
[Round "2"]
[White "Enkhbolor, Nyamdavaa"]
[Black "Csernyik, Mark"]
[Result "0-1"]
[WhiteElo "1908"]
[BlackElo "2117"]
[PlyCount "102"]
[EventDate "2024.07.03"]
[EventType "swiss"]
[EventRounds "9"]
[EventCountry "SRB"]
[SourceTitle "CB29_2024"]
[SourceDate "2024.05.01"]
[SourceVersion "1"]
[SourceVersionDate "2024.05.01"]
[SourceQuality "1"]

1. e4 c5 2. Nf3 d6 3. d4 cxd4 4. Nxd4 Nf6 5. Nc3 g6 6. Be2 Bg7 7. 0-0 0-0 8. Be3 Nc6 9. Qd2 Bd7 10. Rfd1 Rc8 11. f3 a6 12. a4 Ne5 13. Nd5 Nxd5 14. exd5 Qc7 15. b3 Qc3 16. h3 Qxd2 17. Rxd2 Rc3 18. Kf2 f5 19. f4 Nf7 20. Ra2 g5 21. g3 gxf4 22. gxf4 Ng5 23. Bd3 Ne4+ 24. Bxe4 fxe4 25. Ne2 Rcc8 26. Rd1 Bf6 27. Kg2 Kf7 28. c4 Rg8+ 29. Kh2 Rg6 30. Ng3 Rh6 31. f5 Rh4 32. Rf2 Rg8 33. Rdf1 Rg7 34. Bf4 h5 35. Be3 Be5 36. Bf4 Bf6 37. Be3 Rg8 38. Bf4 Bc8 39. Be3 Be5 40. Bf4 e3 41. Rf3 Rxf4 42. Rxf4 h4 43. Ne2 Bxf5 44. Kh1 Bxf4 45. Rxf4 Kf6 46. Rxh4 Ke5 47. Kh2 Rg5 48. Ng3 Bd3 49. Rh6 Kf4 50. Rh4+ Kf3 51. Rh8 e2 0-1

[Event "Belgrade Serbia op"]
[Site "Belgrade"]
[Date "2023.07.20"]
[Round "5"]
[White "Kostic, Branimir"]
[Black "Enkhbolor, Nyamdavaa"]
[Result "0-1"]
[WhiteElo "2134"]
[BlackElo "1745"]
[PlyCount "68"]
[EventDate "2023.07.16"]
[EventType "swiss"]
[EventRounds "9"]
[EventCountry "SRB"]
[SourceTitle "CBM 215 Extra"]
[Source "ChessBase"]
[SourceDate "2023.09.30"]
[SourceVersion "1"]
[SourceVersionDate "2023.09.30"]
[SourceQuality "1"]

1. d4 Nf6 2. c4 g6 3. Nc3 d5 4. cxd5 Nxd5 5. e4 Nxc3 6. bxc3 Bg7 7. Be3 c5 8. Nf3 0-0 9. Qd2 Qa5 10. Rc1 Rd8 11. Be2 Bg4 12. d5 e6 13. h3 Bxf3 14. Bxf3 exd5 15. exd5 Nd7 16. c4 Qxd2+ 17. Kxd2 Ne5 18. Be2 b6 19. Kc2 f5 20. a4 Nf7 21. g4 Nd6 22. Bd3 Rf8 23. Rce1 Rae8 24. Bf4 Ne4 25. gxf5 Nxf2 26. Rxe8 Rxe8 27. Rf1 Nxd3 28. Kxd3 gxf5 29. Bc7 Rf8 30. a5 bxa5 31. Bxa5 Rf7 32. Re1 Kf8 33. Re6 Bd4 34. Bc7 Rxc7 0-1

[Event "Belgrade Serbia op"]
[Site "Belgrade"]
[Date "2023.07.19"]
[Round "4"]
[White "Enkhbolor, Nyamdavaa"]
[Black "Radojicic, Aleksandar M"]
[Result "1-0"]
[WhiteElo "1745"]
[BlackElo "2203"]
[PlyCount "123"]
[EventDate "2023.07.16"]
[EventType "swiss"]
[EventRounds "9"]
[EventCountry "SRB"]
[SourceTitle "CBM 215 Extra"]
[Source "ChessBase"]
[SourceDate "2023.09.30"]
[SourceVersion "1"]
[SourceVersionDate "2023.09.30"]
[SourceQuality "1"]

1. e4 c5 2. Nf3 e6 3. d4 cxd4 4. Nxd4 a6 5. Bd3 Nf6 6. 0-0 Qc7 7. Qe2 Bd6 8. h3 Nc6 9. Nb3 Bh2+ 10. Kh1 Bf4 11. Nc3 0-0 12. Re1 Bxc1 13. Raxc1 d6 14. a4 e5 15. Nd5 Nxd5 16. exd5 Nb4 17. Bxh7+ Kxh7 18. Qe4+ f5 19. Qxb4 f4 20. Nd2 a5 21. Qa3 Rf6 22. c4 b6 23. Ne4 Rh6 24. Qf3 Qe7 25. Kg1 Bd7 26. Qb3 g5 27. f3 Qd8 28. Kf2 Bf5 29. Qd3 Ra7 30. Ke2 Kg7 31. Kd2 Qc7 32. Qa3 Bxe4 33. Rxe4 Qc5 34. Qxc5 bxc5 35. Rc3 Rb7 36. Kc2 Kf6 37. Rb3 Rhh7 38. Rb5 Rxb5 39. axb5 Ra7 40. Re1 Ke7 41. Kd3 Kd8 42. Ke4 Kc7 43. Kf5 Ra8 44. Re2 a4 45. Kxg5 Kb6 46. Kf5 Rh8 47. Ke6 Rh6+ 48. Kf7 Rh7+ 49. Kg6 Rh8 50. Kg7 Rh5 51. Rc2 Ka5 52. Kf6 Rh6+ 53. Ke7 Kb4 54. Rc3 Rg6 55. b6 Rxg2 56. b7 Rg7+ 57. Kxd6 Rxb7 58. Kc6 Ra7 59. d6 e4 60. fxe4 a3 61. Rxa3 Rxa3 62. bxa3+ 1-0

[Event "Belgrade Serbia op"]
[Site "Belgrade"]
[Date "2023.07.17"]
[Round "2"]
[White "Enkhbolor, Nyamdavaa"]
[Black "Phatak, Aanjaneya"]
[Result "1-0"]
[WhiteElo "1745"]
[BlackElo "2040"]
[PlyCount "81"]
[EventDate "2023.07.16"]
[EventType "swiss"]
[EventRounds "9"]
[EventCountry "SRB"]
[SourceTitle "CBM 215 Extra"]
[Source "ChessBase"]
[SourceDate "2023.09.30"]
[SourceVersion "1"]
[SourceVersionDate "2023.09.30"]
[SourceQuality "1"]

1. e4 c5 2. Nf3 d6 3. d4 cxd4 4. Nxd4 Nf6 5. Nc3 g6 6. Be2 Bg7 7. Be3 0-0 8. 0-0 Nc6 9. Nb3 Be6 10. f4 a5 11. a4 Nb4 12. Nd4 Bd7 13. Bf3 Qb8 14. g4 e5 15. Ndb5 d5 16. exd5 exf4 17. Bc5 Bxb5 18. Nxb5 Rd8 19. c4 Qe5 20. Re1 Qg5 21. Kh1 Nc6 22. Bd6 Nb4 23. Qd2 Bh6 24. Re5 Qh4 25. Rg1 Qh3 26. Qe2 Bg7 27. Be7 Nc6 28. dxc6 Rd2 29. Qxd2 Qxf3+ 30. Qg2 Qd3 31. cxb7 Rb8 32. Bxf6 Bxf6 33. Rc5 f3 34. Rc8+ Kg7 35. Qf1 Qe4 36. Rxb8 Be5 37. Nc3 Qf4 38. Qf2 Bxb8 39. Nd5 Qe5 40. Qe3 Qxb2 41. Qc3+ 1-0

[Event "MGL-ch (Women)"]
[Site "Ulaanbaatar"]
[Date "2023.05.27"]
[Round "8"]
[White "Udval, Enkhsaikhan"]
[Black "Enkhbolor, Nyamdavaa"]
[Result "1/2-1/2"]
[WhiteElo "1682"]
[BlackElo "1699"]
[PlyCount "70"]
[EventDate "2023.05.20"]
[EventType "tourn"]
[EventRounds "11"]
[EventCountry "MGL"]
[SourceTitle "CBM 214 Extra"]
[Source "ChessBase"]
[SourceDate "2023.07.31"]
[SourceVersion "1"]
[SourceVersionDate "2023.07.31"]
[SourceQuality "1"]

1. d4 Nf6 2. c4 g6 3. Nc3 d5 4. cxd5 Nxd5 5. e4 Nxc3 6. bxc3 Bg7 7. Be3 c5 8. Rc1 Qa5 9. Qd2 0-0 10. Nf3 e6 11. Bh6 Rd8 12. h4 cxd4 13. Bxg7 Kxg7 14. cxd4 Qxd2+ 15. Kxd2 b6 16. Rc7 Bd7 17. Ne5 Be8 18. Bd3 Nd7 19. Nxd7 Rxd7 20. Rxd7 Bxd7 21. Rc1 Rc8 22. Rxc8 Bxc8 23. Kc3 Kf8 24. Kb4 Ke7 25. Kb5 Kd6 26. a4 Bd7+ 27. Kb4 h6 28. Bb5 Bc8 29. Be8 Ke7 30. Bc6 Ba6 31. f4 Kd6 32. Be8 Ke7 33. Bc6 Kd6 34. Be8 Ke7 35. Bc6 Kd6 1/2-1/2

[Event "MGL-ch (Women)"]
[Site "Ulaanbaatar"]
[Date "2023.05.24"]
[Round "6"]
[White "Enkhsaran, Batsaikhan"]
[Black "Enkhbolor, Nyamdavaa"]
[Result "1-0"]
[WhiteElo "1756"]
[BlackElo "1699"]
[PlyCount "105"]
[EventDate "2023.05.20"]
[EventType "tourn"]
[EventRounds "11"]
[EventCountry "MGL"]
[SourceTitle "CBM 214 Extra"]
[Source "ChessBase"]
[SourceDate "2023.07.31"]
[SourceVersion "1"]
[SourceVersionDate "2023.07.31"]
[SourceQuality "1"]

1. d4 Nf6 2. c4 e6 3. g3 c5 4. d5 exd5 5. cxd5 d6 6. Nc3 g6 7. Bg2 a6 8. a4 Bg7 9. Nf3 0-0 10. 0-0 Bg4 11. h3 Bxf3 12. Bxf3 Nbd7 13. Bg2 Rb8 14. a5 b5 15. axb6 Rxb6 16. e4 Qb8 17. Qe2 Qb7 18. Nd1 Ra8 19. Ne3 Rb4 20. Nc2 Rb3 21. Na3 Rb4 22. Qc2 Ne8 23. Nc4 Qb5 24. Na5 Bxb2 25. Ra2 Bxc1 26. Rxc1 Nb8 27. e5 dxe5 28. Qxc5 Qxc5 29. Rxc5 Nd7 30. Rc1 Nd6 31. Rc7 Nb6 32. Kh2 e4 33. Rc6 Rd8 34. Rc1 Rc8 35. Nc6 Nxd5 36. Nxb4 Nxb4 37. Rxc8+ Nxc8 38. Ra4 Nd3 39. Bxe4 Nc5 40. Rc4 Nxe4 41. Rxe4 Kg7 42. Ra4 Nd6 43. Rxa6 Nf5 44. Kg2 h5 45. g4 hxg4 46. hxg4 Nd4 47. f4 Ne6 48. Kf3 g5 49. f5 Nf8 50. Ke4 Nd7 51. Kd5 Kg8 52. Rd6 Nf8 53. Rd8 1-0

[Event "MGL-ch (Women)"]
[Site "Ulaanbaatar"]
[Date "2023.05.23"]
[Round "4"]
[White "Khuslen, Erdenebayar"]
[Black "Enkhbolor, Nyamdavaa"]
[Result "0-1"]
[WhiteElo "1835"]
[BlackElo "1699"]
[PlyCount "70"]
[EventDate "2023.05.20"]
[EventType "tourn"]
[EventRounds "11"]
[EventCountry "MGL"]
[SourceTitle "CBM 214 Extra"]
[Source "ChessBase"]
[SourceDate "2023.07.31"]
[SourceVersion "1"]
[SourceVersionDate "2023.07.31"]
[SourceQuality "1"]

1. d4 Nf6 2. c4 e6 3. Nc3 Bb4 4. a3 Bxc3+ 5. bxc3 c5 6. f3 Nc6 7. e4 d6 8. Ne2 b6 9. Bg5 h6 10. Bh4 Na5 11. f4 g5 12. e5 gxh4 13. exf6 Qxf6 14. d5 Bb7 15. Qa4+ Kd8 16. Rd1 Kc7 17. Kf2 Rhe8 18. g3 exd5 19. cxd5 Qe7 20. Rd3 Ba6 21. Qd1 Bxd3 22. Qxd3 c4 23. Qf3 Nb3 24. f5 Nd2 25. Qf4 Qe4 26. Qxe4 Nxe4+ 27. Kf3 Re5 28. Kf4 Nf6 29. gxh4 Nxd5+ 30. Kf3 Rxf5+ 31. Ke4 Re5+ 32. Kd4 Rae8 33. Ng3 b5 34. Bh3 Nf4 35. Bg4 Rd5# 0-1

[Event "MGL-ch (Women)"]
[Site "Ulaanbaatar"]
[Date "2023.05.21"]
[Round "2"]
[White "Enkhbolor, Nyamdavaa"]
[Black "Amin Erdene, Bayanmunkh"]
[Result "1-0"]
[WhiteElo "1699"]
[BlackElo "1620"]
[PlyCount "55"]
[EventDate "2023.05.20"]
[EventType "tourn"]
[EventRounds "11"]
[EventCountry "MGL"]
[SourceTitle "CBM 214 Extra"]
[Source "ChessBase"]
[SourceDate "2023.07.31"]
[SourceVersion "1"]
[SourceVersionDate "2023.07.31"]
[SourceQuality "1"]

1. e4 e6 2. d4 d5 3. Nc3 Bb4 4. e5 b6 5. a3 Bf8 6. Bb5+ c6 7. Ba4 Ne7 8. Nf3 Nf5 9. Ne2 Be7 10. c3 0-0 11. Bc2 c5 12. h4 g6 13. h5 Ba6 14. hxg6 fxg6 15. Nf4 Bc8 16. Nh3 Rf7 17. Nhg5 Bxg5 18. Nxg5 Rg7 19. g4 Ne7 20. Qf3 Qd7 21. Nxh7 Rxh7 22. Rxh7 Kxh7 23. Qf7+ Kh8 24. Bh6 Nf5 25. Qf8+ Kh7 26. gxf5 exf5 27. 0-0-0 g5 28. Rh1 1-0

[Event "Wch U12 Girls"]
[Site "Weifang"]
[Date "2019.??.??"]
[Round "6"]
[White "Enkhbolor, Nyamdavaa"]
[Black "Wang, Yuehan"]
[Result "0-1"]
[WhiteElo "1627"]
[BlackElo "1600"]
[PlyCount "94"]
[EventDate "2019.08.21"]
[EventType "swiss"]
[EventRounds "11"]
[EventCountry "CHN"]
[SourceTitle "EXT 2020"]
[Source "ChessBase"]
[SourceDate "2019.10.17"]
[SourceVersion "1"]
[SourceVersionDate "2019.10.17"]
[SourceQuality "1"]

1. e4 c5 2. Nf3 Nc6 3. d4 cxd4 4. Nxd4 Qc7 5. Nc3 e6 6. Be3 a6 7. Qd2 Nf6 8. f3 Be7 9. 0-0-0 h5 10. Be2 b5 11. a3 Ne5 12. Bf4 d6 13. Ndxb5 axb5 14. Nxb5 Qc6 15. Nxd6+ Bxd6 16. Qxd6 Qxd6 17. Rxd6 Ned7 18. Rhd1 0-0 19. c4 Nc5 20. e5 Ne8 21. Rd8 Nb7 22. R8d3 Nc5 23. Rd8 Nb7 24. R8d3 Nc5 25. Rc3 Ba6 26. b4 Na4 27. Rb3 Nc7 28. b5 Nc5 29. Rb4 Bb7 30. Be3 Na4 31. Rd7 Rfc8 32. Rb3 Rab8 33. Ba7 Ra8 34. Bd4 Kf8 35. b6 Na6 36. Rb1 N6c5 37. Rd6 Ke7 38. Bd1 f6 39. Be2 Nd7 40. f4 Ndc5 41. Bxc5 Nxc5 42. Kb2 Na4+ 43. Kb3 Nc5+ 44. Kb2 Ne4 45. Rd4 Rc6 46. Kc2 f5 47. Bf3 Rxa3 0-1